Europa Quiz - Statistiken

Allgemein
  • Dieses Quiz wurde 484 mal gespielt
  • Das Durchschnittsergebnis liegt bei 11 aus 15
Antwortstatistiken
Frage Antwort % Korrekt
Wie heißt die Hauptstadt der Europäischen Union (EU)? Brüssel
95%
Welches dieser Länder gehört nicht zu Europa? Libanon
95%
Welcher dieser Städte liegt nicht in Europa? Toronto
95%
Welcher Fluss fließt nicht durch Europa? Ob
90%
Welcher dieser ehemaligen Länder gehörte nicht zu Europa? Persien
90%
Wie heißt das europäische Land mit den meisten Einwohner? Russland
85%
Welches dieser europäischen Länder war nicht kommunistisch? Finnland
80%
Welches dieser europäischen Länder gehört nicht zu Skandinavien? Litauen
80%
In welchem europäisch Land wird immer noch die Todesstrafe praktiziert? Weißrussland
80%
Wie heißt die größte europäische Insel? Großbritannien
73%
Welches dieser Firmen ist nicht europäisch? LG
66%
Wie heißt die größte Stadt Europas? Moskau
66%
Welches europäisches Land ist am geringsten besiedelt? Island
59%
Welches europäisches Land hat das größte Bruttonationaleinkommen? Deutschland
44%
Wie viele Einwohner hat Europa? ca. 750 mio
29%
Keine übereinstimmenden Quizze gefunden
Verteilung der Resultate
Anzahl Personen mit jedem Resultat
Perzentil nach korrekt beantworteten Fragen
Ihre Resultats-Entwicklung
Sie haben dieses Quiz noch nicht gespielt